| 000 | 00937nam a22003017a 4500 | ||
|---|---|---|---|
| 001 | 0025854 | ||
| 003 | KOHA_MİRAKIL | ||
| 005 | 20260207002512.0 | ||
| 007 | ta | ||
| 008 | 101112b2010 tu |||gr||||#||||1|tur | | ||
| 020 |
_a9789944184861 _c3,44 |
||
| 040 |
_aTR-BiSEU _btur _cTR-BiSEU _erda |
||
| 041 | 0 | _atur | |
| 044 | _ctu | ||
| 050 |
_aPR2831.A2 _bR66 2010 |
||
| 100 | 1 | _aShaskespeare, William . | |
| 245 | 1 |
_aRomeo ve Juliet / _cWilliam Shaskespeare ; William Shaskespeare; çeviren Tolga Sağlam. |
|
| 264 | 1 |
_aİstanbul : _bTimaş-Antik Yayınları _c2010 |
|
| 300 | _a176 sayfa; 21 cm. | ||
| 336 |
_ametin _btxt _2rdacontent |
||
| 337 |
_aaracısız _bn _2rdamedia |
||
| 338 |
_acilt _bnc _2rdacarrier |
||
| 490 | 1 |
_aAntik Dünya Klasikleri ; _v99. |
|
| 490 | 1 | _aBatı Klasikleri Dizisi ;63. | |
| 830 | 1 |
_aAntik Dünya Klasikleri ; _v99. _97441 |
|
| 830 | 1 |
_aBatı Klasikleri Dizisi ;63. _951729 |
|
| 942 |
_2lcc _cBK |
||
| 999 |
_c25801 _d25801 |
||